Résumé Coupe du monde 2014 - Statistiques

Statistiques générales
  • Ce quiz a été pris 182 fois
  • Le résultat moyen est 10 sur 15
Statistiques - réponses
Questions Réponses % Correct
Quel pays a finis champion du monde ? Allemagne
99%
Où se déroula cette coupe du monde ? Brésil
99%
A quelle place à terminé le Costa Rica dans le groupe de l'Angleterre / Italie / Uruguay ? 1ère place
95%
Meilleur gardien Manuel Neuer
93%
Quel est le seul buteur de cette finale ? Mario Götze
90%
Quel était le match pour la troisième place ? Brésil - Pays-Bas
82%
Quel joueur Luis Suaréz a mordu pendant la rencontre Uruguay - Italie ? Giorgio Chiellini
77%
Quel était le 4ème pays a être dans le groupe de la France / Suisse et Equateur ? Honduras
77%
Quel joueur a été le plus de fois meilleur joueur du match (4 fois) Lionel Messi
76%
Quel était le score à la mi-temps de la demie-finale Brésil - Allemagne ? 0-5
68%
Soulier d'or du meilleur buteur James Rodríguez
65%
Quel pays européen jouaient pour la première fois de son histoire une coupe du monde ? Bosnie-Herzégovine
49%
Quelle équipe a finis dernière selon le classement de la FIFA ? Cameroun
29%
Nom du ballon officiel Brazuca
23%
Combien de buts ont été marqués ? 171
19%
Aucun quiz correspondant
Distribution des résultats
% des personnes avec chaque résultat
Percentile par nombre de réponses
Votre historique - résultats
Vous n’avez pas pris ce quiz